Central Library OPAC University of Rajshahi

The Christopher Robin story book : (Record no. 21148)

MARC details
000 -LEADER
fixed length control field 00877nam a22002292a 4500
001 - CONTROL NUMBER
control field 21148
003 - CONTROL NUMBER IDENTIFIER
rucl marc code BD-RjUL
005 - DATE AND TIME OF LATEST TRANSACTION
control field 20211209000643.0
008 - FIXED-LENGTH DATA ELEMENTS--GENERAL INFORMATION
fixed length control field 140303s1957 enka 000 0 eng d
035 ## - SYSTEM CONTROL NUMBER
System control number OCLC ocm31975777 from D960415M
-- (BD-RjUL) 21212
040 ## - CATALOGING SOURCE
Original cataloging agency WEL
Transcribing agency WEL
Modifying agency BD-RjUL
Language of cataloging eng
041 ## - LANGUAGE CODE
Language code of text/sound track or separate title eng
082 ## - DEWEY DECIMAL CLASSIFICATION NUMBER
Classification number 398.8
Author mark and year MIC 1957
090 ## - LOCALLY ASSIGNED LC-TYPE CALL NUMBER (OCLC); LOCAL CALL NUMBER (OCLC)
Classification number (OCLC) (R) ; Classification number, CALL (RLIN) (NR) PR6025.I65
Local cutter number (OCLC) ; Book number/undivided call number, CALL (RLIN) C57 1929
100 1# - MAIN ENTRY--PERSONAL NAME
Personal name Milne, A. A.
Fuller form of name (Alan Alexander),
Dates associated with a name 1882-1956.
9 (RLIN) 65358
245 14 - TITLE STATEMENT
Title The Christopher Robin story book :
Remainder of title from When we were very young, Now we are six, Winnie-the-Pooh, The house at Pooh Corner /
Statement of responsibility, etc. by A. A. Milne ; illustrated by Ernest H. Shepard
260 ## - PUBLICATION, DISTRIBUTION, ETC. (IMPRINT)
Place of publication, distribution, etc. London :
Name of publisher, distributor, etc. Methuen,
Date of publication, distribution, etc. 1929 [Reprinted 1957].
300 ## - PHYSICAL DESCRIPTION
Pagination x, 171 p. :
Illustrations ill. ;
Size 20 cm
650 ## - SUBJECT ADDED ENTRY--TOPICAL TERM
Topical term or geographic name as entry element Children's poetry, English
9 (RLIN) 60615
700 1# - ADDED ENTRY--PERSONAL NAME
Personal name Shepard, Ernest H.
Fuller form of name (Ernest Howard),
Dates associated with a name 1879-1976.
942 ## - ADDED ENTRY ELEMENTS (KOHA)
Source of classification or shelving scheme Dewey Decimal Classification
Koha item type Books
Holdings
Lost status Source of classification or shelving scheme Damaged status Not for loan Collection code Permanent Location Current Location Shelving location Date acquired Source of acquisition Cost, normal purchase price Total Checkouts Full call number Date last seen Copy number Koha item type
  Dewey Decimal Classification   Added to bundle Non-fiction Central Library, University of Rajshahi Central Library, University of Rajshahi Reading Room 21/04/1982 GIFT 0.00   398.8 MIC 1957 03/03/2014 C-1 Books